[Event "TCh-RUS Premier 2019"]
[Site "Sochi RUS"]
[Date "2019.05.05"]
[Round "5.1"]
[Board "2"]
[White "Usmanov, Vasily"]
[Black "Dreev, Aleksey"]
[Result "1/2-1/2"]
[WhiteTitle "IM"]
[BlackTitle "GM"]
[WhiteElo "2437"]
[BlackElo "2662"]
[WhiteTeam "SShOR (St. Petersburg)"]
[BlackTeam "ShSM Legacy Square Capital (Moscow)"]
[WhiteFideId "4135741"]
[BlackFideId "4100107"]
[EventDate "2019.05.01"]

1. d4 d5 2. c4 c6 3. Nf3 Nf6 4. e3 Bf5 5. Bd3 Bxd3 6. Qxd3 e6 7. O-O Nbd7 8. Nc3
Bb4 9. Bd2 a5 10. a3 Bxc3 11. Bxc3 O-O 12. a4 Ne4 13. Nd2 Nxd2 14. Bxd2 Qb6 15.
cxd5 exd5 16. Rfb1 Qa6 17. Qf1 Ra7 18. b3 f5 19. f3 Re8 20. Qxa6 Rxa6 21. Rc1
Re6 22. h3 Ra8 23. Kf2 h5 24. h4 Kf7 25. Rc2 Ke8 26. Rac1 Kd8 27. Be1 Kc7 28.
Rc3 b6 29. Kf1 Rg6 30. Bg3+ Kb7 31. Bf4 Rc8 32. Kf2 Re6 33. Rd1 Rce8 34. Kg3 Nf8
35. Kf2 Ng6 36. Bg5 Nf8 37. Bf4 Nd7 38. Kg3 Rc8 39. Kf2 Ree8 40. Bd6 Rh8 41. Kg3
Rh6 42. Bf4 Rf6 43. Kf2 Re8 44. Bg5 Rfe6 45. Bf4 Rg8 46. Kg3 Nf8 47. Kf2 Ng6 48.
Bg5 Rf8 49. Kg3 Kc7 50. Kf2 Kd7 51. Rb1 Kc7 52. Rd1 Kb7 53. Kg3 Rfe8 54. Kf2 Rc8
55. Kg3 Rd6 56. Rdc1 Re6 1/2-1/2

[Event "TCh-RUS Premier 2019"]
[Site "Sochi RUS"]
[Date "2019.05.05"]
[Round "5.1"]
[Board "4"]
[White "Shubin, Kirill"]
[Black "Grachev, Boris"]
[Result "1/2-1/2"]
[WhiteTitle "FM"]
[BlackTitle "GM"]
[WhiteElo "2404"]
[BlackElo "2615"]
[WhiteTeam "SShOR (St. Petersburg)"]
[BlackTeam "ShSM Legacy Square Capital (Moscow)"]
[WhiteFideId "34119962"]
[BlackFideId "4129199"]
[EventDate "2019.05.01"]

1. e4 c5 2. Nf3 e6 3. g3 Nc6 4. Bg2 Nf6 5. Qe2 d5 6. exd5 Nxd5 7. O-O Be7 8. Rd1
Qb6 9. c3 O-O 10. d4 cxd4 11. Nxd4 Nxd4 12. Rxd4 Re8 13. a4 Bd7 14. Nd2 Bf6 15.
Rd3 Bc6 16. Ne4 Be7 17. b4 a6 18. Bb2 Nf6 19. Nxf6+ Bxf6 20. a5 Qb5 21. Bxc6
bxc6 22. Qe4 c5 23. c4 Qxb4 24. Bxf6 gxf6 25. Rad1 Qxa5 26. Qg4+ Kh8 27. Qh4 Kg7
28. Rf3 f5 29. Qg5+ Kf8 30. Qh6+ Kg8 31. Rfd3 Kh8 32. g4 fxg4 33. Qf6+ Kg8 34.
Qg5+ Kh8 35. Qe5+ Kg8 36. Rd7 h6 37. Rxf7 Kxf7 38. Qh5+ Kg8 39. Qg6+ Kf8 40.
Qxh6+ Kg8 41. Qg5+ Kf8 42. Qf6+ 1/2-1/2

[Event "TCh-RUS Premier 2019"]
[Site "Sochi RUS"]
[Date "2019.05.05"]
[Round "5.1"]
[Board "5"]
[White "Popov, Ivan RUS"]
[Black "Timerkhanov, Alexander"]
[Result "1-0"]
[WhiteTitle "GM"]
[BlackTitle "FM"]
[WhiteElo "2600"]
[BlackElo "2366"]
[WhiteTeam "ShSM Legacy Square Capital (Moscow)"]
[BlackTeam "SShOR (St. Petersburg)"]
[WhiteFideId "4170350"]
[BlackFideId "24177938"]
[EventDate "2019.05.01"]

1. e4 c6 2. Nf3 d5 3. exd5 cxd5 4. Ne5 Nf6 5. d4 Nc6 6. c3 g6 7. Bd3 Bg7 8. Qe2
O-O 9. O-O Bf5 10. Bxf5 gxf5 11. Bf4 e6 12. Nd2 Nxe5 13. dxe5 Ne4 14. Nb3 Rc8
15. f3 Nc5 16. Nd4 Qb6 17. Rfd1 Nd7 18. Kh1 a5 19. g4 fxg4 20. Rg1 h5 21. fxg4
h4 22. Nf5 Rc4 23. Ne7+ Kh7 24. g5 1-0

[Event "TCh-RUS Premier 2019"]
[Site "Sochi RUS"]
[Date "2019.05.05"]
[Round "5.1"]
[Board "6"]
[White "Golikov, Daniil"]
[Black "Gordievsky, Dmitry"]
[Result "0-1"]
[WhiteTitle "FM"]
[BlackTitle "GM"]
[WhiteElo "2271"]
[BlackElo "2585"]
[WhiteTeam "SShOR (St. Petersburg)"]
[BlackTeam "ShSM Legacy Square Capital (Moscow)"]
[WhiteFideId "24170623"]
[BlackFideId "24112798"]
[EventDate "2019.05.01"]

1. c4 g6 2. Nc3 Bg7 3. g3 e6 4. Bg2 Ne7 5. e4 c5 6. Nge2 Nbc6 7. O-O O-O 8. f4
d6 9. Rb1 a6 10. a3 b5 11. d3 Rb8 12. Be3 Nd4 13. b4 e5 14. cxb5 exf4 15. Bxf4
Nxe2+ 16. Nxe2 Rxb5 17. bxc5 dxc5 18. Be3 Rxb1 19. Qxb1 Bg4 20. Bf3 Bxf3 21.
Rxf3 Qa5 22. Qc2 Rc8 23. Qa2 c4 24. dxc4 Nc6 25. Rf1 Ne5 26. c5 Bf8 27. Qd5 Bxc5
28. Kh1 Qb5 29. Bxc5 Qxe2 30. Rf2 Qc4 31. Bd4 Ng4 32. Qxc4 Nxf2+ 0-1

[Event "TCh-RUS Premier 2019"]
[Site "Sochi RUS"]
[Date "2019.05.05"]
[Round "5.2"]
[Board "3"]
[White "Geller, Jakov"]
[Black "Vlasenko, Miroslav"]
[Result "1-0"]
[WhiteTitle "GM"]
[BlackTitle "IM"]
[WhiteElo "2518"]
[BlackElo "2424"]
[WhiteTeam "Moskovskaya oblast"]
[BlackTeam "Muzhskoe Dvizhenie (St. Petersburg)"]
[WhiteFideId "4151984"]
[BlackFideId "4151887"]
[EventDate "2019.05.01"]

1. e4 Nc6 2. Nf3 d6 3. d4 Nf6 4. c3 Bg4 5. h3 Bh5 6. Nbd2 e6 7. Bd3 Be7 8. O-O
d5 9. e5 Nd7 10. Qb3 Na5 11. Qa4 c6 12. Ne1 b5 13. Qc2 Qb6 14. b4 Nc4 15. Nb3 a5
16. a3 Bg6 17. Qe2 axb4 18. axb4 Rxa1 19. Nxa1 Qa7 20. Nb3 Qa4 21. Qc2 O-O 22.
Bxg6 hxg6 23. Nd3 Ra8 24. Bb2 Qa7 25. Re1 Qb8 26. Bc1 Ra4 27. g3 Qa8 28. Re2 Kf8
29. Nf4 Kg8 30. h4 Qd8 31. Kg2 Nf8 32. h5 gxh5 33. Nxh5 g6 34. Nf4 Kg7 35. Re1
Qa8 36. Rh1 Nh7 37. Nc5 Bxc5 38. bxc5 Ra2 39. Qd1 Qa4 40. Qf3 Qc2 41. Nd3 Ra7
42. Nb4 Qf5 43. Nxc6 Rc7 44. Bh6+ Kg8 45. Ra1 Ng5 46. Qxf5 gxf5 47. Bxg5 Rxc6
48. Ra8+ Kh7 49. Rb8 Kg6 50. Bd8 Na3 51. Kf3 Nb1 52. Ba5 Ra6 53. Bb4 Nxc3 54.
Bxc3 Ra3 55. Rxb5 Rxc3+ 56. Ke2 f4 57. gxf4 Kf5 58. Kd2 Rc4 59. Kd3 Rc1 60. Rb7
Rd1+ 61. Ke3 Kg6 62. f5+ exf5 63. Rb6+ Kg5 64. Rf6 Re1+ 65. Kd2 Re4 66. Kc3 Rf4
67. c6 Rf3+ 68. Kb4 Rxf2 69. Kc5 1-0

[Event "TCh-RUS Premier 2019"]
[Site "Sochi RUS"]
[Date "2019.05.05"]
[Round "5.2"]
[Board "5"]
[White "Bykov, Oleg"]
[Black "Levin, Evgeny A."]
[Result "0-1"]
[BlackTitle "GM"]
[WhiteElo "2395"]
[BlackElo "2516"]
[WhiteTeam "Moskovskaya oblast"]
[BlackTeam "Muzhskoe Dvizhenie (St. Petersburg)"]
[WhiteFideId "24198978"]
[BlackFideId "4182596"]
[EventDate "2019.05.01"]

1. c4 Nf6 2. Nc3 e6 3. e4 d5 4. e5 d4 5. exf6 dxc3 6. bxc3 Qxf6 7. d4 e5 8. Nf3
Nc6 9. Bg5 Qg6 10. d5 Nb8 11. Qa4+ Bd7 12. Qb3 Na6 13. Be3 Nc5 14. Qd1 Bd6 15.
Be2 e4 16. Ng5 O-O 17. O-O h6 18. Bh5 Qf5 19. Nh3 g6 20. Be2 Qe5 21. Nf4 g5 22.
Bg4 Ba4 23. Qd4 Rae8 24. Qxe5 Rxe5 25. Nh5 f5 26. Be2 Re7 27. Bd4 Nd7 28. f4
exf3 29. Bxf3 b6 30. Rae1 Ne5 31. Bxe5 Rxe5 32. Ng3 Rfe8 33. Rxe5 Rxe5 34. Bh5
Bc5+ 35. Kh1 Bc2 36. h4 f4 37. Ne2 Bd3 38. Rd1 Bxc4 39. Nd4 gxh4 40. Bf3 Bxd5
41. Nc6 Bxc6 42. Bxc6 Bd6 43. c4 Re3 44. Bd7 Kg7 45. Kg1 Kf6 46. Kf1 f3 47. gxf3
Rxf3+ 48. Kg2 Rg3+ 49. Kh1 h3 50. a4 Rc3 51. Bb5 Bf4 52. Re1 Rc2 53. Rd1 Ke5 54.
Rd5+ Ke4 55. Rd1 Ke3 56. Rf1 Bd6 57. Rd1 Ke2 58. Rg1 Kd2 59. Rb1 Kc3 0-1

[Event "TCh-RUS Premier 2019"]
[Site "Sochi RUS"]
[Date "2019.05.05"]
[Round "5.2"]
[Board "6"]
[White "Ivanov, Sergey"]
[Black "Nozdrachev, Leonid"]
[Result "0-1"]
[WhiteTitle "GM"]
[BlackTitle "IM"]
[WhiteElo "2504"]
[BlackElo "2367"]
[WhiteTeam "Muzhskoe Dvizhenie (St. Petersburg)"]
[BlackTeam "Moskovskaya oblast"]
[WhiteFideId "4101375"]
[BlackFideId "24113433"]
[EventDate "2019.05.01"]

1. d4 Nf6 2. c4 e6 3. Nf3 d5 4. Nc3 c5 5. cxd5 Nxd5 6. e3 Nxc3 7. bxc3 Be7 8.
Bd3 Nc6 9. O-O O-O 10. Qe2 b6 11. Bb2 Bb7 12. Rad1 cxd4 13. exd4 Rc8 14. Rfe1
Bf6 15. Qe4 g6 16. Qf4 Na5 17. Ne5 Bd5 18. Ba3 Bg5 19. Qg4 Be7 20. Bb4 Bxb4 21.
cxb4 Nc6 22. Ba6 Rc7 23. a3 Nxe5 24. dxe5 Rc3 25. Bb7 Rxa3 26. Bxd5 exd5 27. e6
Qe7 28. Rxd5 fxe6 29. f3 Ra1 30. Re5 Rxe1+ 31. Rxe1 Rf5 32. Qc4 Kf7 33. Rd1 a5
34. Qc8 Rd5 35. Rc1 Rd8 36. Qc3 axb4 37. Qe5 b3 38. Rc6 b2 39. Qxb2 Rd1+ 40. Kf2
Qh4+ 41. Ke3 Re1+ 42. Kd3 Qd8+ 43. Kc3 Qh8+ 44. Kb3 Re3+ 45. Ka2 Qa8+ 0-1

[Event "TCh-RUS Premier 2019"]
[Site "Sochi RUS"]
[Date "2019.05.05"]
[Round "5.3"]
[Board "4"]
[White "Yuffa, Daniil"]
[Black "Faizrakhmanov, Ramil"]
[Result "1-0"]
[WhiteTitle "GM"]
[BlackTitle "IM"]
[WhiteElo "2595"]
[BlackElo "2438"]
[WhiteTeam "Molodezhka (Tyumen region)"]
[BlackTeam "Ladia (Republic of Tatarstan)"]
[WhiteFideId "24131423"]
[BlackFideId "24103209"]
[EventDate "2019.05.01"]

1. e4 c6 2. d4 d5 3. e5 Bf5 4. Nd2 e6 5. Nb3 Nd7 6. Nf3 c5 7. dxc5 Bxc5 8. Bb5
Bb6 9. O-O Ne7 10. Bg5 O-O 11. c4 Be4 12. Nbd2 Bd3 13. Re1 h6 14. Bh4 g5 15. Bg3
Nf5 16. Bxd7 Qxd7 17. c5 Bc7 18. Nb3 Bc4 19. Nfd4 Bxb3 20. axb3 Nxg3 21. hxg3 f6
22. exf6 Rxf6 23. Qg4 a6 24. f4 Re8 25. Re2 Qf7 26. fxg5 hxg5 27. Nf3 e5 28.
Nxg5 Qg7 29. Rd1 Rg6 30. Qh5 Rf8 31. Nf3 Rxg3 32. Rf1 d4 33. Nxd4 Rxf1+ 34. Kxf1
Rg6 35. Nf5 Rf6 36. Rf2 Qf8 37. Rf3 e4 38. Qg5+ Kf7 39. Nd6+ Ke6 40. Rxf6+ 1-0

[Event "TCh-RUS Premier 2019"]
[Site "Sochi RUS"]
[Date "2019.05.05"]
[Round "5.3"]
[Board "6"]
[White "Kryakvin, Dmitry"]
[Black "Toropov, Pavel"]
[Result "1-0"]
[WhiteTitle "GM"]
[BlackTitle "FM"]
[WhiteElo "2588"]
[BlackElo "2327"]
[WhiteTeam "Molodezhka (Tyumen region)"]
[BlackTeam "Ladia (Republic of Tatarstan)"]
[WhiteFideId "4153278"]
[BlackFideId "24129178"]
[EventDate "2019.05.01"]

1. c4 c6 2. Nf3 d5 3. e3 Nf6 4. Nc3 a6 5. d4 b5 6. b3 Bg4 7. Qd2 Nbd7 8. Ne5
Nxe5 9. dxe5 Nd7 10. cxd5 cxd5 11. Qxd5 e6 12. Qd4 Bh5 13. Be2 Bc5 14. Qf4 g5
15. Qg3 Bb4 16. e4 Rc8 17. Bd2 Nc5 18. Qe3 Bxe2 19. Kxe2 Bxc3 20. Bxc3 Nxe4 21.
Qxe4 Rxc3 22. Rad1 Qc7 23. h4 g4 24. Rhe1 g3 25. Qa8+ Qc8 26. Qxc8+ Rxc8 27. Rc1
Rd8 28. fxg3 Rg8 29. Rc3 Rg4 30. Kf3 h5 31. Rec1 Rgd4 32. R1c2 R8d7 33. Rc8+ Ke7
34. R8c7 Rd3+ 35. Kf4 Rd4+ 36. Kg5 Rg4+ 37. Kxh5 Rxg3 38. Rxd7+ Kxd7 39. Kh6 Ke7
40. h5 a5 41. Rc7+ Kf8 42. Ra7 a4 43. bxa4 bxa4 44. Rxa4 Rxg2 45. Ra8+ Ke7 46.
Ra7+ Kf8 47. a4 Re2 48. Ra5 Re4 49. Kh7 Rg4 50. h6 Re4 51. Kh8 Rg4 52. Ra8+ Ke7
53. a5 Rg6 54. h7 Rg1 55. a6 Ra1 56. a7 Ra2 57. Rb8 1-0

[Event "TCh-RUS Premier 2019"]
[Site "Sochi RUS"]
[Date "2019.05.05"]
[Round "5.4"]
[Board "2"]
[White "Matlakov, Maxim"]
[Black "Khanin, Semen"]
[Result "1-0"]
[WhiteTitle "GM"]
[BlackTitle "IM"]
[WhiteElo "2697"]
[BlackElo "2524"]
[WhiteTeam "Mednyi vsadnik (St. Petersburg)"]
[BlackTeam "Siberia (Novosibirsk region)"]
[WhiteFideId "4168003"]
[BlackFideId "4111990"]
[EventDate "2019.05.01"]

1. d4 Nf6 2. c4 e6 3. g3 d5 4. Bg2 dxc4 5. Nf3 Bb4+ 6. Nc3 O-O 7. O-O Nc6 8. Qa4
a6 9. Ne5 Nxe5 10. dxe5 Bxc3 11. bxc3 b5 12. Qc2 Nd5 13. Ba3 Re8 14. Rad1 Qg5
15. f4 Qg6 16. f5 Qg5 17. Bc1 Qe7 18. f6 Qc5+ 19. Rd4 Bb7 20. Qd2 Rab8 21. Rf2
Qf8 22. Qg5 g6 23. Rh4 Red8 24. Rxh7 Nxf6 25. Rxf7 Rd1+ 26. Bf1 Qxf7 27. Rxf6
Rf8 28. Rxf7 Rxf7 29. Qxg6+ Kf8 30. Ba3+ 1-0

[Event "TCh-RUS Premier 2019"]
[Site "Sochi RUS"]
[Date "2019.05.05"]
[Round "5.4"]
[Board "3"]
[White "Tsydypov, Zhamsaran"]
[Black "Rodshtein, Maxim"]
[Result "1-0"]
[WhiteTitle "IM"]
[BlackTitle "GM"]
[WhiteElo "2546"]
[BlackElo "2699"]
[WhiteTeam "Siberia (Novosibirsk region)"]
[BlackTeam "Mednyi vsadnik (St. Petersburg)"]
[WhiteFideId "4108566"]
[BlackFideId "2806851"]
[EventDate "2019.05.01"]

1. e4 c5 2. Nf3 d6 3. d4 cxd4 4. Nxd4 Nf6 5. Nc3 a6 6. Bg5 e6 7. f4 h6 8. Bh4
Qb6 9. a3 Be7 10. Bf2 Qc7 11. Qf3 Nbd7 12. O-O-O b5 13. g4 Bb7 14. Bd3 Nc5 15.
Kb1 d5 16. e5 Nfe4 17. Be1 O-O-O 18. Qe3 g5 19. f5 f6 20. Bxe4 dxe4 21. exf6
Bxf6 22. Bg3 Be5 23. Bxe5 Qxe5 24. Rhf1 exf5 25. Rxf5 Qe7 26. b4 Nd7 27. Ncxb5
axb5 28. Qc3+ 1-0

[Event "TCh-RUS Premier 2019"]
[Site "Sochi RUS"]
[Date "2019.05.05"]
[Round "5.4"]
[Board "6"]
[White "Goganov, Aleksey"]
[Black "Murzin, Volodar"]
[Result "1/2-1/2"]
[WhiteTitle "GM"]
[BlackTitle "FM"]
[WhiteElo "2570"]
[BlackElo "2407"]
[WhiteTeam "Mednyi vsadnik (St. Petersburg)"]
[BlackTeam "Siberia (Novosibirsk region)"]
[WhiteFideId "24109959"]
[BlackFideId "44155573"]
[EventDate "2019.05.01"]

1. d4 d5 2. c4 c6 3. Nf3 Nf6 4. Nc3 a6 5. e3 e6 6. b3 Bb4 7. Bd2 Qe7 8. Bd3 Nbd7
9. O-O O-O 10. Bc2 e5 11. Nxd5 cxd5 12. Bxb4 Qxb4 13. dxe5 dxc4 14. exf6 Nxf6
15. bxc4 Qxc4 16. Bb3 Qe4 17. Qd6 Bg4 18. Nd4 Rad8 19. Qg3 Bh5 20. a4 Bg6 21.
Rac1 Qe7 22. Qc7 Rd7 23. Qa5 Ne4 24. Bc2 Rfd8 25. Bxe4 Bxe4 26. Rc5 Qf6 27. Qc3
h6 28. f3 Bg6 29. a5 Re7 30. Rc1 Kh7 31. Qd2 Rde8 32. R1c3 Qd6 33. e4 Re5 34.
Nb3 Qb8 35. Rxe5 Qxe5 36. Rc5 Qe7 37. Rd5 Qa3 38. Nd4 Rc8 39. h3 Qe7 40. Ne2 Rc5
41. Nf4 Rxd5 42. exd5 Qc5+ 43. Kh2 Bf5 44. g4 Bd7 45. Kg2 Bb5 46. d6 Qe5 47. Nh5
Bd7 48. Ng3 Kg8 49. Ne4 f5 50. Ng3 fxg4 51. hxg4 Kf8 52. Qb4 Kf7 53. Ne4 Bc6 54.
Qc5 Ke6 55. Qc4+ Qd5 56. Qc3 Qe5 57. Qc4+ Qd5 58. Qc3 Qe5 59. Qc4+ 1/2-1/2

[Event "TCh-RUS Premier 2019"]
[Site "Sochi RUS"]
[Date "2019.05.05"]
[Round "5.5"]
[Board "1"]
[White "Sjugirov, Sanan"]
[Black "Riazantsev, Alexander"]
[Result "1/2-1/2"]
[WhiteTitle "GM"]
[BlackTitle "GM"]
[WhiteElo "2661"]
[BlackElo "2653"]
[WhiteTeam "Strazhi pravoporyadka (St. Petersburg)"]
[BlackTeam "HQ Sima-land (Sverdlovsk region)"]
[WhiteFideId "4189302"]
[BlackFideId "4125029"]
[EventDate "2019.05.01"]

1. e4 c6 2. d4 d5 3. e5 Bf5 4. h4 h5 5. c4 e6 6. Nc3 Bb4 7. cxd5 cxd5 8. Bg5 Ne7
9. Bd3 Bxc3+ 10. bxc3 Qc7 11. Ne2 Nd7 12. Bxf5 Nxf5 13. O-O f6 14. exf6 gxf6 15.
Nf4 Kf7 16. Nxe6 Kxe6 17. Re1+ Kf7 18. Qf3 Ne7 19. Rxe7+ Kxe7 20. Re1+ Kf7 21.
Qxd5+ Kf8 22. Bf4 Qxf4 23. Qxd7 Rh6 24. g3 Qf3 25. d5 Qxc3 26. Qe7+ Kg8 27. d6
Rh7 28. Qe6+ Rf7 29. d7 Rf8 30. Rd1 Qc7 31. Qf5 Rd8 32. Qg6+ Kf8 33. Qh6+ Kg8
34. Qg6+ Kf8 35. Qh6+ Ke7 36. Qe3+ Kf8 37. Qh6+ Kg8 38. Qg6+ Kf8 39. Qh6+ Kg8
40. Qg6+ Kf8 1/2-1/2

[Event "TCh-RUS Premier 2019"]
[Site "Sochi RUS"]
[Date "2019.05.05"]
[Round "5.5"]
[Board "2"]
[White "Motylev, Alexander"]
[Black "Rakhmanov, Aleksandr"]
[Result "1/2-1/2"]
[WhiteTitle "GM"]
[BlackTitle "GM"]
[WhiteElo "2650"]
[BlackElo "2629"]
[WhiteTeam "HQ Sima-land (Sverdlovsk region)"]
[BlackTeam "Strazhi pravoporyadka (St. Petersburg)"]
[WhiteFideId "4121830"]
[BlackFideId "4173708"]
[EventDate "2019.05.01"]

1. e4 e5 2. Nf3 Nf6 3. Nxe5 d6 4. Nf3 Nxe4 5. Nc3 Nf6 6. d4 g6 7. Bc4 Bg7 8.
Qe2+ Qe7 9. Qxe7+ Kxe7 10. Bg5 Re8 11. O-O-O Kf8 12. h3 a6 13. Rhe1 Rxe1 14.
Rxe1 h6 15. Bf4 Nc6 16. Nd5 Nxd5 17. Bxd5 Ne7 18. Bb3 b5 19. c3 Bb7 20. Bd1 Nd5
21. Bh2 Re8 22. a4 Ra8 23. Nd2 Nb6 24. a5 Nd7 25. g4 Re8 26. Rxe8+ Kxe8 27. Bf3
Bxf3 28. Nxf3 Ke7 29. Kc2 c5 30. dxc5 dxc5 31. c4 b4 32. b3 Ke6 33. Bf4 g5 34.
Bc7 Be5 35. Bd8 f5 36. Kd3 Bf4 37. Ke2 Bd6 38. Ke3 Bf4+ 39. Kd3 Bb8 40. Ke3 Bd6
41. Kd3 Nf8 42. Bb6 Kf6 43. Ng1 Ng6 44. f3 Nf4+ 45. Ke3 Ke5 46. Kd2 Ke6 47. Ke3
Kf6 48. Bd8+ Kg6 49. Bb6 h5 50. Kd2 h4 51. Ke3 Ne6 52. Ne2 Kf6 53. Kd3 Be5 54.
Ke3 Bb8 55. Kd2 Ke5 56. Ke3 Bd6 57. Kd3 Nf4+ 58. Nxf4 Kxf4 59. Ke2 Kg3 60. gxf5
Kxh3 61. Kf2 g4 62. fxg4 Kxg4 63. f6 Kf5 64. Bd8 Ke6 65. Kg2 Kd7 66. Bb6 Ke6 67.
Bd8 Kd7 68. Bb6 Ke6 69. Bd8 Ke5 1/2-1/2

[Event "TCh-RUS Premier 2019"]
[Site "Sochi RUS"]
[Date "2019.05.05"]
[Round "5.5"]
[Board "3"]
[White "Kokarev, Dmitry"]
[Black "Lysyj, Igor"]
[Result "1-0"]
[WhiteTitle "GM"]
[BlackTitle "GM"]
[WhiteElo "2605"]
[BlackElo "2642"]
[WhiteTeam "Strazhi pravoporyadka (St. Petersburg)"]
[BlackTeam "HQ Sima-land (Sverdlovsk region)"]
[WhiteFideId "4132181"]
[BlackFideId "4150120"]
[EventDate "2019.05.01"]

1. e4 e5 2. Nf3 Nc6 3. Bb5 Nf6 4. d3 Bc5 5. Bxc6 dxc6 6. O-O Qe7 7. Nbd2 a5 8.
Nc4 Nd7 9. a4 b6 10. b3 O-O 11. Bb2 f6 12. Nh4 Ba6 13. Kh1 Bxc4 14. bxc4 Bd6 15.
Nf5 Qe8 16. Qg4 g6 17. Nxd6 cxd6 18. f4 Ra7 19. h3 exf4 20. Qxf4 Ne5 21. Rab1
Raf7 22. Qd2 Nd7 23. Bd4 Qd8 24. Rf2 Qc7 25. Be3 c5 26. Qc3 Qc6 27. Qa1 Re8 28.
Rbf1 Re6 29. Bd2 Ne5 30. Bc3 Kf8 31. Bxe5 dxe5 32. Kh2 Qd7 33. Rf3 Rd6 34. R1f2
h6 35. g4 Ke8 36. Kg2 Kd8 37. Qc1 g5 38. Qa1 Re6 39. Kg3 Ke7 40. Rf5 Qd4 41.
Qxd4 cxd4 42. h4 gxh4+ 43. Kxh4 Kf8 44. Rf1 Kg7 45. Kh5 Kh7 46. g5 hxg5 47. Rxg5
Rg7 48. Rxg7+ Kxg7 49. Rb1 Rc6 50. Rb2 Kf7 51. Rb5 Ke7 52. Kg6 Ke6 53. Rb2 Rd6
54. Rb1 Rc6 55. Rb5 Ke7 56. Kf5 Kf7 57. Rb1 Kg7 58. Rb5 Kf7 59. c5 bxc5 60. Rxa5
c4 61. Ra7+ Ke8 62. a5 c3 63. a6 Kd8 64. Rf7 Rxa6 65. Rxf6 Ra5 66. Rd6+ Kc7 67.
Rd5 1-0

[Event "TCh-RUS Premier 2019"]
[Site "Sochi RUS"]
[Date "2019.05.05"]
[Round "5.5"]
[Board "4"]
[White "Sarana, Alexey"]
[Black "Romanov, Evgeny"]
[Result "1-0"]
[WhiteTitle "GM"]
[BlackTitle "GM"]
[WhiteElo "2636"]
[BlackElo "2573"]
[WhiteTeam "HQ Sima-land (Sverdlovsk region)"]
[BlackTeam "Strazhi pravoporyadka (St. Petersburg)"]
[WhiteFideId "24133795"]
[BlackFideId "4148843"]
[EventDate "2019.05.01"]

1. d4 Nf6 2. c4 e6 3. Nf3 b6 4. g3 Ba6 5. Qc2 Bb4+ 6. Bd2 Bxd2+ 7. Nbxd2 c5 8.
Bg2 Nc6 9. dxc5 bxc5 10. O-O Rb8 11. b3 O-O 12. Rfd1 Bb7 13. Nb1 Nb4 14. Qc1 Ne4
15. Nc3 f5 16. Ne5 d6 17. Nb5 a6 18. Bxe4 axb5 19. Bxb7 Rxb7 20. a3 Qe7 21. axb4
dxe5 22. Ra6 f4 23. cxb5 Rxb5 24. bxc5 Rxc5 25. Qa3 Rc7 26. Qxe7 Rxe7 27. Ra5 e4
28. Rd4 fxg3 29. fxg3 Rb8 30. b4 Reb7 31. Ra4 e3 32. Re4 Kf7 33. Kg2 g5 34. Kf3
h6 35. Kg4 Rb6 36. Kh5 Kf6 37. h3 Rb5 38. Rxe3 Rxb4 39. Ra6 Re8 40. Rf3+ Ke5 41.
Ra5+ Kd6 42. Rd3+ Ke7 43. Ra7+ Kf6 44. Rf3+ Ke5 45. g4 Rf4 46. Re3+ Kd4 47. Rd3+
Ke4 48. Kxh6 Rf2 49. Ra4+ Ke5 50. Kxg5 Rxe2 51. Kh4 Rg2 52. Re3+ Kf6 53. Ra5 e5
54. Rf3+ Kg6 55. Ra6+ Kg7 56. Kg5 Re7 57. Rg6+ Kh7 58. Rff6 e4 59. Re6 Rd7 60.
Rh6+ Kg7 61. Reg6+ Kf8 62. Rh8+ Ke7 63. Rh7+ Kd8 64. Rg8+ Kc7 65. Rxd7+ Kxd7 66.
Kf4 e3 67. Kxe3 Rg3+ 68. Kf4 Rxh3 69. Kg5 Ke7 70. Kg6 Ra3 71. g5 Ra6+ 72. Kg7
Ra7 73. Rf8 Ke6+ 74. Kg8 Ra1 75. g6 Ke7 76. g7 Rh1 77. Rf4 Re1 78. Rh4 Rg1 79.
Kh8 1-0

[Event "TCh-RUS Premier 2019"]
[Site "Sochi RUS"]
[Date "2019.05.05"]
[Round "5.5"]
[Board "5"]
[White "Rozum, Ivan"]
[Black "Oparin, Grigoriy"]
[Result "1/2-1/2"]
[WhiteTitle "GM"]
[BlackTitle "GM"]
[WhiteElo "2568"]
[BlackElo "2624"]
[WhiteTeam "Strazhi pravoporyadka (St. Petersburg)"]
[BlackTeam "HQ Sima-land (Sverdlovsk region)"]
[WhiteFideId "24104272"]
[BlackFideId "24125890"]
[EventDate "2019.05.01"]

1. Nf3 Nf6 2. c4 e6 3. Nc3 d5 4. e3 Be7 5. b3 c5 6. Bb2 O-O 7. cxd5 exd5 8. d4
Nc6 9. Be2 Bg4 10. dxc5 Bxc5 11. O-O a6 12. Rc1 Ba7 13. Nd4 Bxd4 14. Bxg4 Be5
15. Bf3 Qd6 16. g3 Rad8 17. Bg2 Rfe8 18. Re1 h6 19. Qf3 d4 20. exd4 Bxd4 21.
Rxe8+ Rxe8 22. Rd1 Qe5 23. Bf1 h5 24. Rd2 Qa5 25. Rc2 Ng4 26. Kg2 Re3 27. fxe3
Nxe3+ 28. Kh1 Nxc2 29. Qe4 N2b4 30. Qe8+ Kh7 31. Qxf7 Qe5 32. Bc4 Ne7 33. a3 Ng6
34. axb4 Qe1+ 35. Qf1 Bxc3 36. Qxe1 Bxe1 37. b5 axb5 38. Bxb5 Ne7 39. Bd3+ g6
40. Kg2 Kg8 41. Be4 b5 42. Bd3 b4 43. Kf1 Bc3 44. Bxc3 bxc3 45. Ke2 h4 46. Be4
hxg3 47. hxg3 Kf7 48. Kd3 Ke6 49. Kxc3 Ke5 50. Kd3 g5 51. b4 Nc8 52. b5 Nd6 53.
Bc6 Nf5 54. g4 Nh6 55. Bf3 Nf7 56. Kc4 Kd6 57. Be2 Ne5+ 58. Kd4 Nf7 59. Bd3 Nh6
60. Bf5 Ng8 61. Bc2 Nh6 62. Bd1 Nf7 63. Be2 Nh6 64. Kc4 Nf7 65. Kb4 Ne5 66. Ka5
Kc7 67. Ka6 Nd7 68. Bd1 Nc5+ 69. Ka7 Nd7 70. Bb3 Nb6 71. Ka6 Nd7 72. Ka5 Nc5 73.
Bd5 Nd7 74. Be6 Nb6 75. Kb4 Kd6 76. Bf5 Nd5+ 77. Kc4 Nf6 78. Kd4 Ng8 79. Be4 Nh6
80. Bf3 Nf7 81. b6 Nh6 82. Kc4 Nxg4 83. Kb5 Ne5 84. Ka6 Nd7 85. b7 Ke5 1/2-1/2

[Event "TCh-RUS Premier 2019"]
[Site "Sochi RUS"]
[Date "2019.05.05"]
[Round "5.5"]
[Board "6"]
[White "Predke, Alexandr"]
[Black "Sychev, Klementy"]
[Result "1/2-1/2"]
[WhiteTitle "GM"]
[BlackTitle "GM"]
[WhiteElo "2626"]
[BlackElo "2574"]
[WhiteTeam "HQ Sima-land (Sverdlovsk region)"]
[BlackTeam "Strazhi pravoporyadka (St. Petersburg)"]
[WhiteFideId "24107581"]
[BlackFideId "4114060"]
[EventDate "2019.05.01"]

1. e4 c5 2. Nf3 d6 3. Bb5+ Nd7 4. a4 Nf6 5. Nc3 g6 6. a5 Bg7 7. O-O O-O 8. d3 a6
9. Bc4 b5 10. axb6 Nxb6 11. Ba2 Bg4 12. h3 Bxf3 13. Qxf3 Nbd7 14. Nd5 e6 15.
Nxf6+ Qxf6 16. Qxf6 Bxf6 17. c3 a5 18. Bb3 Rfb8 19. Bc2 Kg7 20. Ra2 Ra7 21. f4
h5 22. g3 Rab7 23. Rf2 Bd8 24. Kg2 Bc7 25. Bd1 Bd8 26. Rf1 Bc7 27. g4 hxg4 28.
hxg4 Rh8 29. g5 f6 30. Ba4 Bd8 31. Bc6 Rc7 32. Bxd7 Rxd7 33. Rf3 fxg5 34. fxg5
Rh5 35. Rg3 Kg8 36. Be3 Rdh7 37. Bg1 Rxg5 38. Rxg5 Bxg5 39. Rxa5 Rb7 40. Ra2 Bc1
41. e5 dxe5 42. Bxc5 Rxb2+ 43. Rxb2 Bxb2 44. c4 e4 45. dxe4 Kf7 46. Kf3 Ke8 47.
Kf4 Bf6 48. Kg4 1/2-1/2